| 000 | 00956nam a2200253 i 4500 | ||
|---|---|---|---|
| 001 | bg | ||
| 100 | 1 | _aGOŁĘBIEWSKI, Jarosław | |
| 245 | 1 | 0 |
_aRynek zbóż w Polsce w okresie przemian systemowych / _cJarosław Gołębiewski. |
| 260 |
_aWarszawa : _bWydaw. SGGW [Szkoły Głównej Gospodarstwa Wiejskiego], _c2000. |
||
| 300 |
_a161 s. : _bil., mapy ; _c24 cm. |
||
| 504 | _aBibliogr. | ||
| 650 | 9 |
_aRynek _xrolnictwo _zPolska _yod 1989 r. |
|
| 650 | 9 |
_aSpożycie _zPolska _yod 1989 r. |
|
| 650 | 9 |
_aZboże _xhandel _zPolska _yod 1989 r. |
|
| 650 | 9 |
_aZboże _xtechnologia _zPolska _yod 1989 r. |
|
| 020 | _a8372441219 | ||
| 040 | _cBPK | ||
| 041 | 0 | _apol | |
| 080 | _a338.43::633.1:338.45::664.6/.7](438)"1989/..."(083.41) | ||
| 920 | _a83-7244-121-9 | ||
| 942 | _cKS | ||
| 008 | s pl f |000 0 pol | ||
| 999 |
_c43195 _d43195 |
||
| 856 |
_uhttp://koha.tu.koszalin.pl/cgi-bin/koha/opac-detail.pl?biblionumber=43195 _yKatalog online BPK |
||